Statistics for East Coast States & Capitals

Click here to take the quiz!

General Stats

  • This quiz has been taken 64 times
  • The average score is 24 of 35

Answers on the Map

Answers color-coded by a green-red scale on the quiz's map according to % correct below.
 

Answer Stats

Answer% Correct
New York
94%
Florida
91%
Maine
91%
Georgia
88%
New Jersey
88%
North Carolina
88%
Pennsylvania
88%
South Carolina
88%
Virginia
88%
Maryland
84%
Connecticut
81%
Delaware
81%
West Virginia
81%
Massachusetts
75%
Rhode Island
75%
Vermont
75%
Albany
72%
New Hampshire
72%
Atlanta
69%
Washington D.C.
66%
Tallahasse
63%
Boston
59%
Augusta
56%
Charleston
53%
Raleigh
53%
Trenton
53%
Annapolis
50%
Harrisburg
50%
Hartford
50%
Richmond
50%
Providence
47%
Columbia
44%
Concord
44%
Dover
44%
Montpelier
31%

Score Distribution

Percentile by Number Answered

Percent of People with Each Score

Your Score History

You have not taken this quiz